000 00524nam a22001577a 4500
005 20251108165508.0
008 250721s1984 xx 000 0 ara d
082 1 4 _aم/081/عقا
100 1 _aالعقاد، عباس محمود
245 1 0 _aالمجموعة الكاملة لمؤلفات عباس محمود العقاد /
264 1 _aبيروت :
_bدار الكتاب اللبناني : مكتبة المدرسة،
_c1984.
300 _a26مج
650 1 7 _aالمؤلفات
942 _2ddc
_cREF
999 _c29263
_d29263